| 000 | 01717nam a2200409 c 4500 | ||
|---|---|---|---|
| 003 | BLK | ||
| 005 | 20180422111450.0 | ||
| 008 | 180409b bul|||||r ||||||| ||bul|| | ||
| 010 | _aKNG00135897000 | ||
| 040 | _aBLK | ||
| 041 |
_aBUL _cBUL |
||
| 080 |
_aВдигане на тежести _b796.88 _x(092) _z796.88(092) |
||
| 080 |
_aБългарски тежкоатлет _b929 Абаджиев, Иван Николов _x _z929 Абаджиев, Иван Николов |
||
| 100 | 1 |
_aБогданова, Надежда Асенова _eпърви автор _9268549 |
|
| 139 |
_aБогданова, Надежда Асенова _bА 12 |
||
| 245 | 1 | 0 |
_aИван Абаджиев _bТворчески портр. _cНадежда Асенова Богданова. |
| 257 | _aBGR | ||
| 260 |
_аСофия _bМедицина и физкултура _c1983 _fПловдив : Д. Благоев |
||
| 300 |
_a108 с. _b4 л. : ил., портр., табл. _c20 см |
||
| 380 | _a79 | ||
| 490 | 1 | _aСпорт и личност | |
| 500 | _a2 610 тир. | ||
| 600 | 1 | 4 |
_aАбаджиев, Иван Николов _9371749 |
| 650 | 4 |
_aВдигане на тежести [спорт] - България _9297373 |
|
| 650 | 4 |
_aАбаджиев, Иван Николов _9371749 |
|
| 651 | 4 |
_aБългария _9241624 |
|
| 653 | _aИван Абаджиев | ||
| 653 | _aвдигане на тежести | ||
| 653 | _aщангисти | ||
| 653 | _aспортисти | ||
| 653 | _aтреньори | ||
| 852 | _aЦб 122808 | ||
| 856 | 4 |
_qpdf _u |
|
| 856 | 4 |
_qpdf _u |
|
| 942 |
_cKNG _n0 |
||
| 944 |
_aCR _c07.11.2012 _l07.11.2012 - от С1,Р / 07.11.2012 _kДиана_Димитрова |
||
| 944 |
_aED _c07.11.2012 _l07.11.2012 - от С1,Р / 07.11.2012 _k |
||
| 999 |
_c130145 _d130145 |
||